| 000 | 00549nam a2200181Ia 4500 | ||
|---|---|---|---|
| 008 | 090630s9999 xx 000 0 und d | ||
| 082 | _b13903 | ||
| 100 | _aशेटये शिवाजी. | ||
| 245 |
_aसावज. _cशेटये शिवाजी. |
||
| 260 |
_bशांती - पुणे. _c1995 |
||
| 300 | _a128 | ||
| 600 | _aशेटये शिवाजी. | ||
| 630 | _aसावज. | ||
| 655 | _aकादंबरी. | ||
| 700 | _aशेटये शिवाजी. | ||
| 730 | _aसावज. | ||
| 942 | _cBOOK | ||
| 999 |
_c265759 _d265759 |
||